000 01662nam a22002537a 4500
005 20241224115727.0
010 _aB-761033-041 07/24,CHHN B-761517
020 _c240.00
_a9788196206117
035 _aB-761033-041
035 _aB-761517
037 _bअद्विक पब्लिकेशन
_a2023
037 _bउपहार
082 _a371.91
245 _aन हम पूरे, न अधूरेः
_cबाल विकलांग-विमर्श पर आधारित कथाएँ/
_bव्योमा मिश्र द्वारा संपादित
260 _aदिल्ली
_bअद्विक पब्लिकेशन प्रा.लि.
_c2023
270 _a41 हसनपुर,आई.पी.एक्सटेंशन,पटपड़गंज
_bदिल्ली
_e110092
300 _a118पृ.
_c24सेमी (अजिल्द)
_bसचित्र
650 _aलघु कथा, हिन्दी
_975603
650 _aShort Stories, Hindi
_975604
700 _aमिश्र, व्योमा
_971278
942 _2ddc
_cCH
_h371.91
_mनहम
999 _c205693
_d205693